[Event "Stay Safe Play From Home 214"]
[Site "T#646695Emanuel Laske"]
[Date "2020.06.10"]
[Round "2"]
[White "Castlingarrocco"]
[Black "Lamborghini"]
[Result "0-1"]
[WhiteElo "2034"]
[BlackElo "2162"]
[Annotator "TA"]
[PlyCount "84"]
[EventDate "2020.06.10"]
[EventType "swiss (blitz)"]

{[%evp 9,84,-27,-11,-57,-45,-53,-20,-77,-45,-202,-146,-146,-100,-182,-160,-191,-63,-40,-35,-110,-112,-141,-91,-89,-84,-114,-116,-134,-139,-154,-142,-206,-206,-207,-205,-194,-189,-207,-218,-234,-227,-216,-239,-318,-322,-308,-320,-308,-311,-1340,-1300,-1552,-1550,-1533,-1522,-1497,-1473,-1457,-1304,-5995,-5997,-6315,-6203,-29987,-29988,-29988,-29985,-29987,-29978,-29988,-12844,-12844,-12845,-29991,-29992,-29992,-29993]} 1. g3 e5 2. Bg2 d5 3. d3 Nc6 4. Nd2 Be6 5. Ngf3 f6 6. e4 {A00: Irregular Openings.} Qd7 7. c3 Nge7 8. h3 {[#]} (8. O-O $11 {keeps the balance.}) 8... g5 $146 ({Predecessor:} 8... O-O-O 9. Qe2 g5 10. h4 g4 11. Nh2 h5 12. O-O f5 13. exf5 Nxf5 14. b4 Nce7 {1-0 (41) Karpenko,A (2160)-Kuznetsov,M (2152) Perm 2006}) 9. g4 $2 ({Better is} 9. Nb3 $15) 9... h5 10. gxh5 O-O-O 11. Qe2 (11. Nh2 $17) 11... dxe4 12. dxe4 Qd3 ({Black should play} 12... Rxh5 $19 {Strongly threatening ...Ng6.} 13. Nh2 Rh4) 13. Qxd3 $15 Rxd3 14. Ke2 (14. h4 $15 g4 15. Ng5 fxg5 16. hxg5) 14... Rd8 15. Nb3 Bc4+ 16. Ke1 Rxh5 17. Be3 Ng6 $40 {[%mdl 128] Black has strong attack.} 18. Bf1 Be6 19. Bg2 a6 20. Nc5 (20. Rd1 $17) 20... Bxc5 $19 21. Bxc5 Nf4 22. Bf1 Rdh8 23. Be3 Bxh3 24. Bxh3+ Rxh3 ({Don't play} 24... Nxh3 25. Rb1) 25. Rxh3 Rxh3 ({Don't do} 25... Nxh3 26. Kd2 $17) 26. Nd2 Nd3+ 27. Ke2 Nxb2 28. Rb1 Na4 29. Nb3 $2 (29. Kd3) 29... Nxc3+ {[%mdl 64] [#] Double Attack} 30. Kd2 Nxb1+ 31. Kc2 Na3+ 32. Kc3 Nb5+ 33. Kc4 {[#]} Nbd4 $1 {aiming for ...Rxe3!} 34. Nc5 (34. Nxd4 exd4) 34... b6 35. Nxa6 Kd7 36. Nb4 Nxb4 37. Kxb4 c5+ 38. Kc4 Kc6 39. a4 b5+ (39... Nc2 $142 40. Kd3 Nxe3 41. Ke2 g4 42. Kd2 c4 43. a5 bxa5 44. f4 exf4 45. Kc3 g3 46. Kd4 g2 47. e5 g1=Q 48. exf6 Qd1+ 49. Ke5 Qd5+ 50. Kxf4 Qf5#) 40. axb5+ Nxb5 41. Bxc5 Rc3+ 42. Kb4 Rxc5 {Accuracy: White = 30%, Black = 63%.} 0-1

[Event "Stay Safe Play From Home 214"]
[Site "T#646695Emanuel Laske"]
[Date "2020.06.10"]
[Round "2"]
[White "Patzeroglu"]
[Black "Haris kollari 13"]
[Result "1-0"]
[WhiteElo "1980"]
[BlackElo "1734"]
[Annotator "NA RC"]
[PlyCount "91"]
[EventDate "2020.06.10"]
[EventType "swiss (blitz)"]

1. e4 {[%emt 0:00:02]} e6 {[%emt 0:00:00]} 2. Nf3 {[%emt 0:00:00]} d5 {[%emt 0:00:00]} 3. Nc3 {[%emt 0:00:01]} d4 {[%emt 0:00:01]} 4. Ne2 {[%emt 0:00:01]} c5 {[%emt 0:00:00]} 5. d3 {[%emt 0:00:00]} Nc6 {[%emt 0:00:00]} 6. Bf4 {[%emt 0:00:01]} f6 {[%emt 0:00:02]} 7. Bg3 {[%emt 0:00:00]} e5 {[%emt 0:00:01]} 8. Qd2 {[%emt 0:00:00]} Bd6 {[%emt 0:00:01]} 9. O-O-O {[%emt 0:00:00]} Be6 {[%emt 0:00:01]} 10. Kb1 {[%emt 0:00:00]} Qe7 {[%emt 0:00:01]} 11. Nh4 {[%emt 0:00:00]} g5 {[%emt 0:00:02]} 12. Nf5 {[%emt 0:00:01]} Bxf5 {[%emt 0:00:01]} 13. exf5 {[%emt 0:00:00]} h5 {[%emt 0:00:01]} 14. h4 {[%emt 0:00:00]} O-O-O {[%emt 0:00:02]} 15. hxg5 {[%emt 0:00:01]} fxg5 {[%emt 0:00:01]} 16. f3 {[%emt 0:00:05]} h4 {[%emt 0:00:01]} 17. Bf2 {[%emt 0:00:03]} Nh6 {[%emt 0:00:01]} 18. g4 {[%emt 0:00:01]} hxg3 {[%emt 0:00:01]} 19. Nxg3 {[%emt 0:00:01]} Qf6 {[%emt 0:00:01]} 20. Bh3 {[%emt 0:00:02]} Kb8 {[%emt 0:00:02]} 21. Bg4 {[%emt 0:00:03]} Rdf8 {[%emt 0:00:02]} 22. Ne4 {[%emt 0:00:01]} Qe7 {[%emt 0:00:02]} 23. Qxg5 {[%emt 0:00:03]} Nxg4 {[%emt 0:00:04]} 24. Qxe7 {[%emt 0:00:03]} Bxe7 {[%emt 0:00:02]} 25. fxg4 {[%emt 0:00:01]} Rhg8 {[%emt 0:00:01]} 26. Rdg1 {[%emt 0:00:02]} Bg5 {[%emt 0:00:02]} 27. Bh4 {[%emt 0:00:01]} Bf4 {[%emt 0:00:01]} 28. Bf6 {[%emt 0:00:03]} Kc7 {[%emt 0:00:04]} 29. g5 {[%emt 0:00:01]} Kd7 {[%emt 0:00:01]} 30. g6 {[%emt 0:00:01]} Ne7 {[%emt 0:00:02]} 31. Rh7 {[%emt 0:00:00]} Re8 {[%emt 0:00:02]} 32. Rxe7+ {[%emt 0:00:00]} Rxe7 {[%emt 0:00:01]} 33. Bxe7 {[%emt 0:00:00]} Kxe7 {[%emt 0:00:01]} 34. f6+ {[%emt 0:00:00]} Ke6 {[%emt 0:00:03]} 35. g7 {[%emt 0:00:01]} Kf7 {[%emt 0:00:02]} 36. c4 {[%emt 0:00:02]} dxc3 {[%emt 0:00:02]} 37. bxc3 {[%emt 0:00:01]} Be3 {[%emt 0:00:00]} 38. Rg2 {[%emt 0:00:02]} Bf4 {[%emt 0:00:01]} 39. c4 {[%emt 0:00:01]} b6 {[%emt 0:00:01]} 40. Kc2 {[%emt 0:00:01]} a5 {[%emt 0:00:00]} 41. Kb3 {[%emt 0:00:01]} a4+ {[%emt 0:00:00]} 42. Kxa4 {[%emt 0:00:01]} Ra8+ {[%emt 0:00:00]} 43. Kb5 {[%emt 0:00:00]} Ra5+ {[%emt 0:00:02]} 44. Kc6 {[%emt 0:00:01]} Ra8 {[%emt 0:00:00]} 45. Kd7 {[%emt 0:00:03]} Rg8 {[%emt 0:00:00]} 46. Nd6+ {[%emt 0:00:02] Time (Lag: Av=0.67s, max=1.7s)} 1-0

[Event "Stay Safe Play From Home 214"]
[Site "T#646695Emanuel Laske"]
[Date "2020.06.10"]
[Round "2"]
[White "Lucknow"]
[Black "Klasman"]
[Result "1-0"]
[WhiteElo "1897"]
[BlackElo "1420"]
[Annotator "NA RC"]
[PlyCount "59"]
[EventDate "2020.06.10"]
[EventType "swiss (blitz)"]

1. d4 {[%emt 0:00:01]} f5 {[%emt 0:00:01]} 2. c4 {[%emt 0:00:00]} Nf6 {[%emt 0:00:01]} 3. g3 {[%emt 0:00:00]} e6 {[%emt 0:00:01]} 4. Bg2 {[%emt 0:00:00]} c6 {[%emt 0:00:01]} 5. Nf3 {[%emt 0:00:00]} d5 {[%emt 0:00:01]} 6. O-O {[%emt 0:00:00]} Bd6 {[%emt 0:00:02]} 7. Nbd2 {[%emt 0:00:00]} O-O {[%emt 0:00:01]} 8. b3 {[%emt 0:00:00]} Na6 {[%emt 0:00:02]} 9. Bb2 {[%emt 0:00:01]} Bd7 {[%emt 0:00:01]} 10. a3 {[%emt 0:00:03]} Nc7 {[%emt 0:00:02]} 11. Qc2 {[%emt 0:00:01]} Ne4 {[%emt 0:00:01]} 12. Ne5 {[%emt 0:00:01]} Bxe5 {[%emt 0:00:02]} 13. dxe5 {[%emt 0:00:00]} Ne8 {[%emt 0:00:02]} 14. Nf3 {[%emt 0:00:01]} g6 {[%emt 0:00:01]} 15. Rfd1 {[%emt 0:00:02]} Ng7 {[%emt 0:00:01]} 16. b4 {[%emt 0:00:02]} Rc8 {[%emt 0:00:01]} 17. c5 {[%emt 0:00:01]} b6 {[%emt 0:00:01]} 18. Bd4 {[%emt 0:00:04]} b5 {[%emt 0:00:04]} 19. e3 {[%emt 0:00:03]} Ng5 {[%emt 0:00:04]} 20. Nxg5 {[%emt 0:00:02]} Qxg5 {[%emt 0:00:02]} 21. f4 {[%emt 0:00:00]} Qe7 {[%emt 0:00:04]} 22. a4 {[%emt 0:00:01]} a6 {[%emt 0:00:03]} 23. axb5 {[%emt 0:00:01]} axb5 {[%emt 0:00:01]} 24. Ra7 {[%emt 0:00:01]} Qd8 {[%emt 0:00:03]} 25. Rda1 {[%emt 0:00:02]} h5 {[%emt 0:00:02]} 26. h4 {[%emt 0:00:02]} Ne8 {[%emt 0:00:05]} 27. Qa2 {[%emt 0:00:01]} Nc7 {[%emt 0:00:01]} 28. Qa5 {[%emt 0:00:02]} Ne8 {[%emt 0:00:04]} 29. Qxd8 {[%emt 0:00:02]} Rxd8 {[%emt 0:00:01]} 30. Rb7 {[%emt 0:00:04] Time ' (Lag: Av=0.49s, max=0.6s)} 1-0

[Event "Stay Safe Play From Home 214"]
[Site "T#646695Emanuel Laske"]
[Date "2020.06.10"]
[Round "2"]
[White "Grizzzly"]
[Black "Matanant"]
[Result "1-0"]
[WhiteElo "1753"]
[BlackElo "1617"]
[Annotator "NA RC"]
[PlyCount "63"]
[EventDate "2020.06.10"]
[EventType "swiss (blitz)"]

1. d4 {[%emt 0:00:00]} e6 {[%emt 0:00:03]} 2. c4 {[%emt 0:00:00]} f5 {[%emt 0:00:01]} 3. Nf3 {[%emt 0:00:02]} Nf6 {[%emt 0:00:00]} 4. Bg5 {[%emt 0:00:01]} d5 {[%emt 0:00:01]} 5. e3 {[%emt 0:00:00]} Bb4+ {[%emt 0:00:02]} 6. Nbd2 {[%emt 0:00:02]} c5 {[%emt 0:00:02]} 7. cxd5 {[%emt 0:00:02]} exd5 {[%emt 0:00:02]} 8. Bd3 {[%emt 0:00:00]} O-O {[%emt 0:00:02]} 9. O-O {[%emt 0:00:01]} c4 {[%emt 0:00:03]} 10. Bc2 {[%emt 0:00:02]} Be7 {[%emt 0:00:04]} 11. Ne5 {[%emt 0:00:02]} Ne4 {[%emt 0:00:02]} 12. Bxe7 {[%emt 0:00:01]} Qxe7 {[%emt 0:00:01]} 13. f3 {[%emt 0:00:01]} Nd6 {[%emt 0:00:05]} 14. Qe2 {[%emt 0:00:02]} Be6 {[%emt 0:00:02]} 15. e4 {[%emt 0:00:00]} fxe4 {[%emt 0:00:02]} 16. fxe4 {[%emt 0:00:01]} Nd7 {[%emt 0:00:02]} 17. exd5 {[%emt 0:00:01]} Bxd5 {[%emt 0:00:02]} 18. Rxf8+ {[%emt 0:00:04]} Rxf8 {[%emt 0:00:02]} 19. Rf1 {[%emt 0:00:00]} Rxf1+ {[%emt 0:00:03]} 20. Nxf1 {[%emt 0:00:02]} Nxe5 {[%emt 0:00:02]} 21. dxe5 {[%emt 0:00:01]} Nf7 {[%emt 0:00:02]} 22. Ne3 {[%emt 0:00:01]} Qxe5 {[%emt 0:00:04]} 23. Qd2 {[%emt 0:00:09]} Be6 {[%emt 0:00:02]} 24. Kh1 {[%emt 0:00:02]} Ng5 {[%emt 0:00:03]} 25. h4 {[%emt 0:00:03]} Nf7 {[%emt 0:00:02]} 26. Qf2 {[%emt 0:00:03]} g6 {[%emt 0:00:01]} 27. b3 {[%emt 0:00:03]} Qa1+ {[%emt 0:00:02]} 28. Kh2 {[%emt 0:00:02]} cxb3 {[%emt 0:00:00]} 29. Bxb3 {[%emt 0:00:01]} Qe5+ {[%emt 0:00:01]} 30. Qg3 {[%emt 0:00:04]} Bxb3 {[%emt 0:00:00]} 31. Qxe5 {[%emt 0:00:02]} Nxe5 {[%emt 0:00:01]} 32. axb3 {[%emt 0:00:00] Time} 1-0

[Event "Stay Safe Play From Home 214"]
[Site "T#646695Emanuel Laske"]
[Date "2020.06.10"]
[Round "3"]
[White "SoulofWolf"]
[Black "BrainThinker22"]
[Result "1-0"]
[WhiteElo "2214"]
[BlackElo "2271"]
[Annotator "NA RC"]
[PlyCount "141"]
[EventDate "2020.06.10"]
[EventType "swiss (blitz)"]

1. d4 {[%emt 0:00:00]} c5 {[%emt 0:00:01]} 2. Nf3 {[%emt 0:00:00]} cxd4 {[%emt 0:00:00]} 3. g3 {[%emt 0:00:00]} Nc6 {[%emt 0:00:00]} 4. Nxd4 {[%emt 0:00:00]} Nxd4 {[%emt 0:00:01]} 5. Qxd4 {[%emt 0:00:00]} Nf6 {[%emt 0:00:00]} 6. Bg2 {[%emt 0:00:00]} g6 {[%emt 0:00:00]} 7. O-O {[%emt 0:00:00]} Bg7 {[%emt 0:00:00]} 8. c4 {[%emt 0:00:00]} O-O {[%emt 0:00:00]} 9. Nc3 {[%emt 0:00:01]} d6 {[%emt 0:00:00]} 10. Qd2 {[%emt 0:00:01]} Be6 {[%emt 0:00:01]} 11. e4 {[%emt 0:00:00]} Qc7 {[%emt 0:00:01]} 12. Rd1 {[%emt 0:00:00]} Bxc4 {[%emt 0:00:01]} 13. b3 {[%emt 0:00:00]} Be6 {[%emt 0:00:01]} 14. Bb2 {[%emt 0:00:00]} Nd7 {[%emt 0:00:02]} 15. Rac1 {[%emt 0:00:00]} Qd8 {[%emt 0:00:01]} 16. Ba1 {[%emt 0:00:02]} Rc8 {[%emt 0:00:01]} 17. Nb5 {[%emt 0:00:02]} a6 {[%emt 0:00:02]} 18. Nd4 {[%emt 0:00:01]} Nc5 {[%emt 0:00:01]} 19. b4 {[%emt 0:00:02]} Na4 {[%emt 0:00:03]} 20. Nxe6 {[%emt 0:00:01]} fxe6 {[%emt 0:00:00]} 21. Bxg7 {[%emt 0:00:03]} Kxg7 {[%emt 0:00:00]} 22. Qd4+ {[%emt 0:00:01]} e5 {[%emt 0:00:00]} 23. Qe3 {[%emt 0:00:04]} Qd7 {[%emt 0:00:03]} 24. h4 {[%emt 0:00:01]} Rxc1 {[%emt 0:00:01]} 25. Rxc1 {[%emt 0:00:00]} Rc8 {[%emt 0:00:00]} 26. Kh2 {[%emt 0:00:01]} Rxc1 {[%emt 0:00:02]} 27. Qxc1 {[%emt 0:00:00]} Qc6 {[%emt 0:00:00]} 28. Qg5 {[%emt 0:00:01]} Qd7 {[%emt 0:00:01]} 29. h5 {[%emt 0:00:01]} Qe6 {[%emt 0:00:00]} 30. h6+ {[%emt 0:00:00]} Kf7 {[%emt 0:00:00]} 31. Bh3 {[%emt 0:00:01]} Qf6 {[%emt 0:00:01]} 32. Qg4 {[%emt 0:00:01]} Nb6 {[%emt 0:00:02]} 33. Qe2 {[%emt 0:00:02]} e6 {[%emt 0:00:02]} 34. Kg2 {[%emt 0:00:00]} d5 {[%emt 0:00:00]} 35. exd5 {[%emt 0:00:03]} exd5 {[%emt 0:00:00]} 36. Qe3 {[%emt 0:00:01]} d4 {[%emt 0:00:01]} 37. Qe4 {[%emt 0:00:01]} Qc6 {[%emt 0:00:00]} 38. Kf3 {[%emt 0:00:02]} Kf6 {[%emt 0:00:04]} 39. Bf1 {[%emt 0:00:01]} Qxe4+ {[%emt 0:00:02]} 40. Kxe4 {[%emt 0:00:00]} Nd7 {[%emt 0:00:00]} 41. Kd5 {[%emt 0:00:03]} Ke7 {[%emt 0:00:01]} 42. a4 {[%emt 0:00:02]} Kf6 {[%emt 0:00:04]} 43. a5 {[%emt 0:00:01]} Ke7 {[%emt 0:00:01]} 44. g4 {[%emt 0:00:01]} g5 {[%emt 0:00:01]} 45. Bd3 {[%emt 0:00:01]} Nf6+ {[%emt 0:00:01]} 46. Kc5 {[%emt 0:00:02]} Nxg4 {[%emt 0:00:00]} 47. f3 {[%emt 0:00:01]} Nf6 {[%emt 0:00:01]} 48. Kb6 {[%emt 0:00:01]} Kd8 {[%emt 0:00:02]} 49. Kxb7 {[%emt 0:00:00]} Nd5 {[%emt 0:00:00]} 50. b5 {[%emt 0:00:02]} axb5 {[%emt 0:00:01]} 51. Bxb5 {[%emt 0:00:00]} Nc7 {[%emt 0:00:01]} 52. Bd3 {[%emt 0:00:01]} Kd7 {[%emt 0:00:01]} 53. Bxh7 {[%emt 0:00:01]} Kd6 {[%emt 0:00:00]} 54. Be4 {[%emt 0:00:00]} Ne6 {[%emt 0:00:01]} 55. h7 {[%emt 0:00:01]} Nd8+ {[%emt 0:00:00]} 56. Kb8 {[%emt 0:00:01]} Ne6 {[%emt 0:00:00]} 57. a6 {[%emt 0:00:00]} Nc5 {[%emt 0:00:01]} 58. a7 {[%emt 0:00:00]} Nd7+ {[%emt 0:00:00]} 59. Kb7 {[%emt 0:00:01]} Nc5+ {[%emt 0:00:00]} 60. Kb6 {[%emt 0:00:01]} Nd7+ {[%emt 0:00:00]} 61. Ka6 {[%emt 0:00:01]} Nc5+ {[%emt 0:00:00]} 62. Ka5 {[%emt 0:00:01]} Nd7 {[%emt 0:00:00]} 63. a8=Q {[%emt 0:00:00]} Nc5 {[%emt 0:00:00]} 64. Qc6+ {[%emt 0:00:00]} Ke7 {[%emt 0:00:01]} 65. Qxc5+ {[%emt 0:00:00]} Kf6 {[%emt 0:00:00]} 66. Qd5 {[%emt 0:00:00]} Kg7 {[%emt 0:00:00]} 67. f4 {[%emt 0:00:00]} Kh6 {[%emt 0:00:00]} 68. fxe5 {[%emt 0:00:00]} Kh5 {[%emt 0:00:01]} 69. Qe6 {[%emt 0:00:00]} Kh4 {[%emt 0:00:00]} 70. Qf5 {[%emt 0:00:00]} Kg3 {[%emt 0:00:00]} 71. h8=Q {[%emt 0:00:00] Time (Lag: Av=0.39s, max=0.9s)} 1-0

[Event "Stay Safe Play From Home 214"]
[Site "T#646695Emanuel Laske"]
[Date "2020.06.10"]
[Round "3"]
[White "Lamborghini"]
[Black "Mepe_Nika"]
[Result "1/2-1/2"]
[WhiteElo "2173"]
[BlackElo "2368"]
[Annotator "TA"]
[PlyCount "124"]
[EventDate "2020.06.10"]
[EventType "swiss (blitz)"]

{[%evp 9,124,-18,33,-21,-35,-25,-6,-3,5,0,53,45,100,53,58,43,46,2,17,-13,8,-68,-62,-41,-35,-69,0,-5,-13,-228,-162,-162,742,718,707,-25,-25,-34,-54,-238,-159,-393,-274,-353,-251,-231,-171,-368,-236,-220,-220,-261,-133,-807,1720,1594,1845,1788,12830,12828,12840,12840,29986,12841,12843,12844,12844,12845,12847,12847,12847,12848,12849,12850,12850,12850,12851,27999,12851,27999,12851,27999,12851,27999,12851,27999,12851,27999,12851,27999,12851,27999,12851,27999,27999,27999,27999,27999,27999,27999,27999,27999,27999,27999,27999,27999,27999,27999,27999,27999,27999,27999,27999,27999,27999,27999,27999]} 1. e4 g6 2. d4 Bg7 3. Nc3 d6 4. Be3 c6 {[#]} 5. Qf3 $146 ({Predecessor:} 5. Qd2 Nd7 6. O-O-O b5 7. Kb1 Nb6 8. Qe1 b4 9. Nce2 a5 10. Nc1 d5 11. f3 Nc4 12. Bf2 Rb8 13. h4 Nf6 14. e5 Nd7 15. h5 {1-0 (45) Sevian,S (2660)-Bachmann,A (2599) chess.com INT 2020}) 5... Nd7 ({Better is} 5... Nf6 $11) 6. h3 {B06: Modern Defence.} (6. g4 $14) 6... b5 $11 7. O-O-O Nb6 8. e5 {The position is equal.} b4 9. Ne4 Nd5 (9... dxe5 $11 10. dxe5 Qc7) 10. Bc4 $14 Bf5 (10... Nh6 $14) 11. g4 Bxe4 $1 12. Qxe4 e6 13. f4 Nge7 14. Nf3 a5 (14... Nc3 $5 15. bxc3 d5 $11) 15. h4 (15. Bd2 $11) 15... h5 $15 16. gxh5 Rxh5 17. Be2 Rh8 (17... Nf5 $15 18. Bf2 a4) 18. Ng5 Nf5 $36 {[%mdl 2048] Black has some pressure.} 19. h5 $2 (19. Bd2 $11 {and White is okay.}) 19... Ndxe3 $19 (19... Nfxe3 20. hxg6 Nxd1 21. Rxh8+ Bxh8 22. gxf7+ Kd7 23. Qh7 $15) 20. hxg6 fxg6 $4 {[%mdl 8192]} ({Avoid the trap} 20... Nxd1 $2 21. Rxh8+ Bxh8 22. Qxc6+ Ke7 23. Qb7+ Qd7 24. Qxa8 $18) (20... d5 $19 21. Qd3 Nxd1 22. Rxh8+ Bxh8 23. gxf7+ Ke7 24. Bxd1 Bg7 25. Nxe6 Kxe6) 21. Rxh8+ $18 Bxh8 22. Rh1 $2 (22. Qxc6+ $18 Ke7 23. Qb7+ Qd7 24. Qxa8) 22... Kd7 $1 $11 {Hoping for ...Qf8.} 23. Rh7+ Bg7 {White must now prevent ...Qe7.} 24. Bf3 $2 (24. exd6 $15 Qf6 25. Rxg7+ Nxg7 26. Qxe3) 24... Nd5 {Strongly threatening ...Qe7.} 25. Qe1 $2 ({Don't play} 25. exd6 Qf6) (25. Nxe6 $17 Qg8 26. Ng5) 25... Qg8 26. Qh1 dxe5 ({Don't take} 26... Nxd4 27. Bg4 $19) 27. dxe5 a4 28. Kb1 $2 (28. Bg4 Kc8 29. Nxe6 $1 {[%mdl 512]} Qxe6 30. Rxg7 $1 {[%mdl 512]} Nxg7 31. Bxe6+ Nxe6 32. c4 bxc3 33. bxc3) 28... b3 29. cxb3 axb3 30. a3 Kc7 (30... Ra4 $19 31. Qc1 Rd4) 31. Rxg7+ $2 {[%mdl 8192]} (31. Be4 $17 Kc8 32. Qc1) 31... Qxg7 $4 {[%mdl 8192]} (31... Nxg7 $19 32. Qc1 Qf8) 32. Nxe6+ $18 {[%mdl 64] Double Attack} Kb6 33. Nxg7 Nxg7 34. Bxd5 cxd5 35. Qxd5 {[%mdl 4160] Endgame Double Attack. KQ-KRN} Nf5 36. Qxb3+ (36. Qxa8 $142 Nd4 {[#]} 37. Qe4 $1 {[%mdl 512]} Nf5 38. Qc4 Kb7 39. Qf7+ {[%mdl 64] Double Attack} Kc8 40. e6 Kb8 41. Qd7) 36... Kc7 37. Qf7+ {[%mdl 64] Double Attack} Kb8 38. Qxg6 Ne7 39. Qd6+ {[%mdl 64] Double Attack} Kc8 40. Qxe7 {KQ-KR} Rb8 41. Qe8+ Kc7 {[#]} 42. Qxb8+ $3 Kxb8 {KP-KP} 43. Kc2 {White wants to mate with f5.} Kc7 44. Kd3 {Threatening mate with a4.} Kc6 45. Ke4 Kc5 46. f5 Kc6 47. f6 Kd7 48. b4 {Intending b5 and mate.} Ke8 49. b5 {White threatens e6 and mate.} Kd7 50. b6 {f7 would kill now.} Kc8 {[#]} 51. b7+ $1 {[%mdl 64] Promotion} Kxb7 {White mates.} 52. f7 Kc7 53. f8=Q Kd7 54. Qd6+ Kc8 55. Qg6 Kb7 56. Qg7+ Kc6 57. Kd4 Kb5 58. Qc7 Ka6 59. Qc2 Kb5 60. Qb3+ Ka6 61. Kc5 {[%csl Gc5][%cal Rb3b6]} Ka7 62. Kc6 {[%csl Gc6][%cal Rb3b7]} Ka8 {[%mdl 32768] What a bad dream for Black. Accuracy: White = 37%, Black = 47%. . An unexpected result.} 1/2-1/2

[Event "Stay Safe Play From Home 214"]
[Site "T#646695Emanuel Laske"]
[Date "2020.06.10"]
[Round "3"]
[White "Castlingarrocco"]
[Black "Lucknow"]
[Result "1/2-1/2"]
[WhiteElo "2023"]
[BlackElo "1899"]
[Annotator "TA"]
[PlyCount "107"]
[EventDate "2020.06.10"]
[EventType "swiss (blitz)"]

{[%evp 9,107,-20,-15,-39,-33,-39,-36,-41,-24,-23,-22,-82,77,-104,87,72,89,56,69,-80,51,-91,26,-100,-52,-56,179,-160,-173,-399,-310,-339,-268,-287,-145,-264,-218,-231,-245,-218,-202,-268,-282,-423,-424,-679,-679,-675,-651,-660,-652,-888,-881,-965,-943,-1179,-1176,-1166,-1154,-1136,-1077,-1526,-1217,-1309,-1272,-1845,-1311,-1836,-1774,-2890,-2508,-2365,-2470,-29987,-29988,-29991,-29992,-29992,-29993,-29995,-29995,-29995,-29980,-29981,-29981,-29989,-29990,-29990,-29991,-29993,-29993,-29994,-29993,-29993,-29994,-29995,-29994,-29995,-29996,-29996]} 1. g3 d5 2. Bg2 c6 3. d3 Nf6 4. c3 g6 {[#]} 5. Na3 $146 ({Predecessor:} 5. Nh3 Bg7 6. f3 O-O 7. Nf2 e5 8. O-O Re8 9. e4 Be6 10. Nd2 Nbd7 11. f4 dxe4 12. dxe4 {½-½ (19) Lebel,P (2074)-Maasarani,M (2108) Beirut 2013}) 5... Bg7 6. Nc2 {A00: Irregular Openings.} O-O 7. f4 Nbd7 8. Nf3 {Black is slightly better.} b6 9. O-O Bb7 10. e4 (10. Nd2 $11) 10... c5 $2 (10... dxe4 $17 {keeps the pressure on.} 11. dxe4 Nxe4) 11. Qe2 $2 (11. e5 $16) 11... e6 $2 (11... dxe4 $17 12. dxe4 Bxe4) 12. e5 $16 Ne8 13. d4 Nc7 14. h3 (14. Re1 $14 {keeps the upper hand.}) 14... Rc8 (14... Ba6 $17 15. Qf2 Bxf1 16. Qxf1 a5) 15. g4 (15. Rd1 $14) 15... Qe7 (15... Ba6 $17 16. Qe1 Bxf1 17. Bxf1 f6) 16. f5 (16. Nce1 $11 {keeps the balance.}) 16... exf5 17. gxf5 gxf5 $2 {[#]} (17... cxd4 $1 $15 {stays ahead.} 18. cxd4 Ba6) 18. Ng5 $2 (18. Ne3 $1 $18 {[%cal Re3f5]} Ba6 19. Nxf5) 18... f6 $36 {[%mdl 2048] Black is in control.} 19. Nf3 $2 (19. Nxh7 Kxh7 20. Ne3 fxe5 21. Nxf5) 19... fxe5 20. dxe5 Nxe5 {aiming for ...Ba6.} 21. Nxe5 Qxe5 ({Weaker is} 21... Bxe5 22. Bf4 $15) (21... Ba6 $19 22. Bxd5+ Nxd5 23. Qxa6 Qxe5) 22. Qf2 (22. Qxe5 $17 Bxe5 23. Bh6) 22... Rcd8 23. Bf4 Qe7 24. Rae1 Qd7 25. Qg3 Ne6 26. Bh6 (26. Be5 {might work better.}) 26... Rf6 $19 27. Bg5 (27. Bxg7 $142 Rg6 28. Be5 Rxg3 29. Bxg3) 27... Rg6 28. h4 h6 29. Qf3 hxg5 30. h5 Rf6 31. Ne3 Nf4 32. Rf2 Nd3 33. Rfe2 Nxe1 34. Rxe1 Rdf8 35. Qf2 d4 36. cxd4 Bxg2 37. Nxg2 cxd4 38. Rd1 f4 39. Ne1 Re6 40. Nf3 Re3 41. Rd2 Rfe8 {Black mates.} 42. Nxg5 {[#]} Qg4+ $1 {[%mdl 64] Double Attack} 43. Qg2 {[#]} Rg3 $1 44. Nf3 Rxg2+ 45. Rxg2 Qxg2+ 46. Kxg2 d3 47. Nd2 Re2+ {[%mdl 64] Double Attack} 48. Kf3 Rxd2 49. Kxf4 Rxb2 50. h6 Rxa2 51. h7+ Kxh7 52. Kg5 Rc2 53. Kf4 d2 54. Ke3 {[%mdl 32768] Accuracy: White = 22%, Black = 38%. . An unexpected result.} 1/2-1/2

[Event "Stay Safe Play From Home 214"]
[Site "T#646695Emanuel Laske"]
[Date "2020.06.10"]
[Round "3"]
[White "Lazieri3"]
[Black "EnigmaG"]
[Result "1-0"]
[WhiteElo "2017"]
[BlackElo "1589"]
[Annotator "TA"]
[PlyCount "35"]
[EventDate "2020.06.10"]
[EventType "swiss (blitz)"]

{[%evp 9,34,35,25,28,383,386,440,459,493,498,570,458,1640,1633,1637,1627,1747,1735,29993,29994,29995,2483,2440,2397,5843,2586,29999]} 1. e4 e6 2. Nc3 d5 3. d4 Ne7 4. exd5 Nxd5 5. Nf3 Bb4 6. Bd2 {[#] C11: French: Classical System: 4 e5 and 4 Bg5 dxe4.} Bc5 $146 {[%mdl 8192] [#]} (6... Nxc3 $11 7. bxc3 Bd6) ({Predecessor:} 6... c5 7. Nxd5 Bxd2+ 8. Qxd2 Qxd5 9. dxc5 Qxc5 10. b4 Qc7 11. Bd3 Bd7 12. O-O Nc6 13. Qc3 {1-0 (50) Shirazi,K (2333)-Unuk,L (2248) Bled 2018}) 7. dxc5 $18 Nxc3 8. Bxc3 {White is clearly winning.} Qxd1+ 9. Rxd1 Nc6 10. Bb5 b6 (10... O-O $142 11. Bc4 b6) 11. Bxc6+ Ke7 12. Bxa8 Ba6 13. Bc6 bxc5 14. Rd7+ {[%mdl 64] [#] Double Attack} Kf8 15. Rd8+ (15. Ng5 $142 Bc8 16. Rxf7+ {[%mdl 64] Double Attack} Kg8 17. Re7 Bd7 18. Bxd7 h6 19. Re8#) 15... Ke7 16. Rxh8 Bc4 17. Be5 {[%csl Gc6][%cal Rh8e8]} Bxa2 18. Re8# {White took control after the opening.} 1-0

[Event "Stay Safe Play From Home 214"]
[Site "T#646695Emanuel Laske"]
[Date "2020.06.10"]
[Round "3"]
[White "Patzeroglu"]
[Black "Grizzzly"]
[Result "1-0"]
[WhiteElo "1987"]
[BlackElo "1764"]
[Annotator "TA"]
[PlyCount "49"]
[EventDate "2020.06.10"]
[EventType "swiss (blitz)"]

{[%evp 16,49,9,0,11,0,0,0,19,0,36,0,0,0,0,0,0,-10,0,0,9,-11,-12,-16,8,0,10,10,33,31,43,4,1693,1656,29998,29999]} 1. e4 c6 2. Nf3 d5 3. Nc3 dxe4 4. Nxe4 Nd7 5. d4 e6 6. Bd3 Ngf6 7. O-O Be7 8. Ng3 O-O 9. c4 c5 {B17: Caro-Kann: Modern Line (4...Nd7).} 10. Be3 {[#]} cxd4 $146 ({Predecessor:} 10... b6 11. Qc2 Bb7 12. Ne4 Rc8 13. dxc5 Bxc5 14. Bxc5 Nxc5 15. Nxc5 Rxc5 16. Nd2 Qc7 17. f4 {0-1 (39) Sibajeva,M (1869)-Velikic,A (2207) Novi Sad 2016}) 11. Bxd4 Bc5 {The position is equal.} 12. Qc2 Qb6 13. Bxc5 Nxc5 14. b3 Rd8 15. Rad1 Bd7 16. Ne5 Bc6 17. Nxc6 Qxc6 18. Rfe1 Nxd3 19. Rxd3 a5 20. Red1 Rxd3 21. Qxd3 a4 22. b4 Rc8 23. h3 Qxc4 $2 {[%mdl 8192] [#]} (23... h5 $11) 24. Qxc4 $18 Rxc4 25. Rd8+ {Accuracy: White = 81%, Black = 71%.} 1-0